| 000 | 00733nam a2200229Ia 4500 | ||
|---|---|---|---|
| 999 |
_c11431 _d11431 |
||
| 082 | _aTS.0145 | ||
| 100 | _aSikand, Sarita | ||
| 245 | 0 | _aChanging ecological structure of Nabha Town | |
| 260 |
_c1975 _bPanjab University |
||
| 300 | _a277p. + C D - 52 | ||
| 650 | _aPOPULATION///NABHA - POPULATION | ||
| 650 | _aRESIDENTIAL MOBILITY - PUNJAB - NABHA | ||
| 650 | _aECOLOGY, HUMAN//HUMAN ECOLOGY | ||
| 650 | _aURBAN POPULATION MOVEMENTS//RESIDENTIAL MOBILITY | ||
| 650 | _aMOBILITY//RESIDENTIAL MOBILITY | ||
| 650 | _aHUMAN ECOLOGY - PUNJAB - NABHA | ||
| 650 | _aNABHA - POPULATION | ||
| 650 | _aHOUSING///RESIDENTIAL MOBILITY | ||
| 650 | _aECOLOGY, HUMAN//HUMAN ECOLOGY | ||
| 710 | _aD'souza, V.S. | ||
| 942 |
_cTH _2ddc |
||